书目信息 |
| 题名: |
托儿所所长教材
|
|
| 作者: | ;上海市儿童医院 编 | |
| 分册: | ||
| 出版信息: | 天津 天津科学技术出版社 1984 |
|
| 页数: | 397页 | |
| 开本: | 19cm | |
| 丛书名: | ||
| 单 册: | ||
| 中图分类: | G617 , G613 | |
| 科图分类: | ||
| 主题词: | 托儿所--管理--教材 | |
| 电子资源: | ||
| ISBN: | ||
| 000 | 00659nam0 2200241 45 | |
| 001 | 1567044954 | |
| 005 | 20150127183814.21 | |
| 010 | @dCNY1.25 | |
| 091 | @aCN@b14212.110 | |
| 100 | @a19950620d1984 em y0chiy0121 ea | |
| 101 | 0 | @achi |
| 102 | @aCN@b120000 | |
| 105 | @ay z 000yy | |
| 200 | 10 | @a托儿所所长教材@Atuo er suo suo zhang jiao cai@f上海市儿童医院编 |
| 210 | @a天津@c天津科学技术出版社@d1984 | |
| 215 | @a397页@d19cm | |
| 606 | @a托儿所@x管理@x教材 | |
| 690 | @aG617@v3 | |
| 690 | @aG613@v4 | |
| 711 | 02 | @a上海市儿童医院@Ashang hai shi er tong yi yuan@4编 |
| 801 | 0 | @aCN@bTSSF@c20150127 |
| 801 | 2 | @aCN@bNLC |
| 905 | @aZUCC@dG613@eJY73 | |
| 托儿所所长教材/上海市儿童医院编.-天津:天津科学技术出版社,1984 |
| 397页;19cm |
| ISBN :CNY1.25 |
| ● |
| 相关链接 |
|
|
|
|
正题名:托儿所所长教材
索取号:G613/JY73
 
预约/预借
| 序号 | 登录号 | 条形码 | 馆藏地/架位号 | 状态 | 备注 |
| 1 | 7837416 | 278374162 | 学院路分馆/ [索取号:G613/JY73] | 在馆 | |
| 2 | 7837417 | 278374171 | 学院路分馆/ [索取号:G613/JY73] | 在馆 | |
| 3 | 7837418 | 278374180 | 学院路分馆/ [索取号:G613/JY73] | 在馆 |